000 00261nam a2200109Ia 4500
008 190216s9999||||xx |||||||||||||| ||und||
100 _aPpk
245 0 _aMalayalam-Micle Farade
260 _bKerala Sasthra Sahithya Parishad
650 _aMalayalam
942 _cBK
999 _c25497
_d25497